000 00678nam a2200229Ia 4500
003 OSt
005 20220925202816.0
006 a|||||r|||| 00| 0
007 ta
008 220923b |||||||| |||| 00| 0 eng d
037 _cGeneral Book
040 _aRTL
_cRTL
_beng
041 _2eng
_aeng
245 0 _aAnalysis of India's export growth in the seventies
260 _aDelhi
_bUniversity of Delhi
_c1987
300 _a105p
_ccm.
490 _aUniversity of Delhi, Economics (Deptt. of-), Dissertation. Dissertation, University of Delhi, Economics (Deptt of-
650 _a ECONOMICS
650 _aEXPORT
942 _cGB
_2CC
999 _c544136
_d544136